| 000 | 00664cab a2200253 4500 | ||
|---|---|---|---|
| 001 | WB2837-20 | ||
| 008 | 090401t1992 xxu||||| |||| 00| 0 eng d | ||
| 035 | _a(Sirsi) u19124 | ||
| 041 | _aeng | ||
| 245 | 4 | _aThe crash | |
| 260 | _c1992 | ||
| 350 | _a0 | ||
| 490 |
_aFinancial Times _v18 September 1992, 33(1) |
||
| 520 | _aExamines the recent boom-bust cycles in property suggesting reasons for them. | ||
| 650 | _a1970S | ||
| 650 | _aBOOM-BUST CYCLES | ||
| 650 | _aPROPERTY CRASH | ||
| 650 | _aPROPERTY CYCLES | ||
| 650 | _aPROPERTY MARKET | ||
| 650 | _aRECESSION | ||
| 690 | _aPROPERTY-COMMERCIAL PROPERTY | ||
| 942 | _n0 | ||
| 948 | _c04/03/1997 | ||
| 999 |
_c12737 _d12737 |
||